| 000 | 01269nam a2200181Ia 4500 | ||
|---|---|---|---|
| 008 | 151202s9999||||xx |||||||||||||| ||und|| | ||
| 082 | _bPNVM-79066 | ||
| 100 | _a"खांडके मंदा,दिक्षीत लीला,ढेरेअरुणा.संपा." | ||
| 245 | _aस्त्री साहित्याचा मागोवा.खंड.3.इ.स.1850 ते 2000 लेखिका परिचय आणिग्रंथसूची. | ||
| 260 | _b"साहित्य प्रेमी भगिनी मंडळ,पुणे." | ||
| 260 | _c2002 | ||
| 300 | _a564 | ||
| 600 | _a"खांडके मंदा,दिक्षीत लीला,ढेरेअरुणा.संपा." | ||
| 630 | _aस्त्री साहित्याचा मागोवा.खंड.3.इ.स.1850 ते 2000 लेखिका परिचय आणिग्रंथसूची. | ||
| 700 | _a"खांडके मंदा,दिक्षीत लीला,ढेरेअरुणा.संपा." | ||
| 730 | _aस्त्री साहित्याचा मागोवा.खंड.3.इ.स.1850 ते 2000 लेखिका परिचय आणिग्रंथसूची. | ||
| 942 | _cBOOK | ||
| 999 |
_c1343725 _d1343722 |
||